Statistics for 100 највећих градова Европе на карти

Click here to take the quiz!

General Stats

  • This quiz has been taken 811 times
  • The average score is 50 of 97

Answers on the Map

Answers color-coded by a green-red scale on the quiz's map according to % correct below.
Loading ...
 

Answer Stats

СтановништвоГрад% Correct
14.8 милЛондон
98%
1.42 милБеоград
98%
17.3 милМосква
96%
11.4 милПариз
96%
6.55 милМадрид
96%
3.58 милРим
96%
3.35 милАтина
94%
4.73 милБерлин
93%
809 хиљ.Загреб
92%
4.78 милБарселона
91%
1.19 милОсло
91%
1.30 милСофија
90%
872 хиљ.Тирана
90%
3.48 милКијев
89%
2.48 милЛисабон
89%
16.0 милИстанбул
88%
2.20 милБукурешт
88%
2.25 милБеч
87%
2.63 милБудимпешта
87%
6.20 милМилано
85%
1.39 милДаблин
81%
2.38 милВаршава
81%
2.48 милАмстердам
81%
1.44 милПраг
81%
806 хиљ.Солун
80%
2.25 милМинхен
80%
2.23 милСтокхолм
77%
2.00 милМинск
77%
1.68 милКопенхаген
77%
3.05 милМанчестер
77%
1.30 милХелсинки
75%
2.70 милБрисел
75%
4.23 милНапуљ
75%
1.88 милЛиверпул
71%
1.66 милМарсељ
68%
3.25 милРотердам / Хаг
66%
1.98 милЛион
64%
3.25 милФранкфурт на Мајни
61%
1.29 милСевиља
60%
1.54 милПорто
60%
1.64 милТорино
60%
2.88 милХамбург
60%
5.65 милСанкт Петербург
60%
1.84 милВаленсија
59%
946 хиљ.Ница
58%
1.43 милЦирих
57%
1.01 милФиренца
53%
900 хиљ.Палермо
51%
935 хиљ.Единбург
49%
819 хиљ.Краков
47%
791 хиљ.Женева
47%
1.68 милГлазгов
45%
3.15 милБирмингем
40%
1.08 милБордо
39%
1.11 милОдеса
36%
911 хиљ.Билбао
36%
904 хиљ.Гдањск
36%
1.03 милМалага
34%
1.44 милДоњецк
33%
834 хиљ.Дрезден
32%
2.40 милШтутгарт
32%
960 хиљ.Кардиф
30%
771 хиљ.Базел
30%
716 хиљ.Нант
29%
1.48 милЊукасл
28%
2.18 милЛидс
28%
1.29 милЛил
28%
1.64 милХарков
25%
748 хиљ.Лајпциг
25%
708 хиљ.Гетеборг
25%
1.04 милТулуз
24%
1.41 милВолгоград
23%
1.15 милХановер
23%
1.22 милАнтверпен
23%
725 хиљ.Лавов
23%
1.00 милБремен
22%
1.30 милРостов на Дону
22%
704 хиљ.Катанија
21%
1.16 милСаутхемптон
21%
829 хиљ.Лођ
19%
1.73 милНижњи Новгород
19%
1.57 милШефилд
19%
726 хиљ.Сарагоса
19%
1.39 милДњепар
18%
1.38 милНотингем
18%
926 хиљ.Бристол
18%
712 хиљ.Лестер
17%
1.20 милНирнберг
17%
915 хиљ.Краснодар
16%
739 хиљ.Запорожје
11%
1.06 милВороњеж
10%
995 хиљ.Утрехт
9%
1.58 милМанхајм
9%
813 хиљ.Ахен
9%
935 хиљ.Билефелд
7%
712 хиљ.Ковентри
6%
907 хиљ.Сарбрикен
6%

Score Distribution

Percentile by Number Answered

Percent of People with Each Score

Your Score History

You have not taken this quiz